000 00526nam a2200133Ia 4500
008 100204s9999 xx 000 0 und d
082 _b10888
100 _aदुधगांवकर दि. मो.
245 _aऋणानुंबधांचे मेणे
260 _b"चिंतामणी साहित्य सहयोग , कुडाळ"
_c1987
630 _aऋणानुंबधांचे मेणे
730 _aऋणानुंबधांचे मेणे
942 _cBOOK
999 _c455324
_d455321